[Event "Oberliga Ost B 2018 2019"]
[Site "?"]
[Date "2018.12.16"]
[Round "5.4"]
[White "Uwira, Oliver"]
[Black "Duncker, Joachim"]
[Result "1/2-1/2"]
[WhiteElo "2194"]
[BlackElo "2187"]
[PlyCount "103"]
[EventDate "2018.10.21"]
[EventType "team-tourn"]
[EventCountry "GER"]
[WhiteTeam "Frankfurt SC Koenig Nied"]
[BlackTeam "Marburg SK"]
[WhiteTeamCountry "GER"]
[BlackTeamCountry "GER"]

1. d4 Nf6 2. c4 g6 3. Nc3 Bg7 4. e4 d6 5. f3 O-O 6. Be3 Nc6 7. Nge2 a6 8. Qd2
Rb8 9. Rc1 Bd7 10. Nd1 b5 11. c5 e6 12. g3 b4 13. Bg2 Ne7 14. O-O Bb5 15. Nf2
Nd7 16. Rfd1 a5 17. Nd3 dxc5 18. Nxc5 Nxc5 19. Rxc5 c6 20. Nc1 Rb7 21. Nb3 Rd7
22. Rcc1 Ba4 23. Nc5 Bxd1 24. Nxd7 Qxd7 25. Rxd1 Rd8 26. f4 f5 27. e5 Nd5 28.
Bf2 Bf8 29. Rc1 Rc8 30. Qd3 Qb7 31. Bf1 Kf7 32. Qd1 Qb6 33. Bc4 Rc7 34. Qf3 h5
35. h3 Bh6 36. Kh1 Ke8 37. Bb3 Kd8 38. h4 Bf8 39. Qd3 Kc8 40. Kg2 Kb7 41. Bc4
Rd7 42. Qf3 Be7 43. Bb3 Kb8 44. Ba4 Rc7 45. Qd3 Kb7 46. Qc4 Rc8 47. Bd1 Qa6 48.
Qc2 Rc7 49. Be2 Qb6 50. Bf3 Qb5 51. Be2 Qb6 52. Bf3 1/2-1/2

[Event "Oberliga Ost B 2018 2019"]
[Site "?"]
[Date "2018.12.16"]
[Round "5.5"]
[White "Neidhardt, Helge"]
[Black "Graf, Gerd"]
[Result "0-1"]
[WhiteElo "2066"]
[BlackElo "2226"]
[PlyCount "68"]
[EventDate "2018.10.21"]
[EventType "team-tourn"]
[EventCountry "GER"]
[WhiteTeam "Marburg SK"]
[BlackTeam "Frankfurt SC Koenig Nied"]
[WhiteTeamCountry "GER"]
[BlackTeamCountry "GER"]

1. d4 g6 2. e4 d6 3. Nc3 Bg7 4. Nf3 Nf6 5. Be2 O-O 6. O-O c6 7. h3 Qc7 8. Bf4
Nh5 9. Bg5 e5 10. d5 c5 11. Qd2 Nf6 12. Rfe1 a6 13. a4 b6 14. Qe3 Ne8 15. Bh6
f6 16. Nd2 Qe7 17. Nc4 Nd7 18. Rab1 f5 19. Bxg7 Nxg7 20. exf5 Nxf5 21. Qd2 Rb8
22. Ne4 Nf6 23. Bg4 Nxe4 24. Rxe4 Bd7 25. f4 Ng3 26. Ree1 Bxg4 27. hxg4 Qh4 28.
f5 gxf5 29. Re3 f4 30. Rf3 Qh1+ 31. Kf2 Ne4+ 32. Ke2 Qxg2+ 33. Kd3 Nxd2 34.
Nxd2 e4+ 0-1

[Event "Oberliga Ost B 2018 2019"]
[Site "?"]
[Date "2018.12.16"]
[Round "5.6"]
[White "Perlitz, Sven"]
[Black "Nekhamkis, Genadi"]
[Result "1-0"]
[WhiteElo "2091"]
[BlackElo "2129"]
[PlyCount "51"]
[EventDate "2018.10.21"]
[EventType "team-tourn"]
[EventCountry "GER"]
[WhiteTeam "Frankfurt SC Koenig Nied"]
[BlackTeam "Marburg SK"]
[WhiteTeamCountry "GER"]
[BlackTeamCountry "GER"]

1. e4 d5 2. exd5 Nf6 3. Bb5+ Bd7 4. Be2 c6 5. dxc6 Nxc6 6. d4 e5 7. dxe5 Nxe5
8. Nf3 Qc7 9. Nxe5 Qxe5 10. Nd2 Bc6 11. Nc4 Qe4 12. Ne3 Rd8 13. Bd3 Qe5 14. O-O
Bd6 15. Ng4 Qd5 16. Nxf6+ gxf6 17. Re1+ Be7 18. Qg4 h5 19. Qg7 Rf8 20. Bd2 a5
21. Bc3 f5 22. Bf6 Kd7 23. Rxe7+ Kc8 24. Be5 Rfe8 25. Bxf5+ Bd7 26. Bxd7+ 1-0

[Event "Oberliga Ost B 2018 2019"]
[Site "?"]
[Date "2018.12.16"]
[Round "5.7"]
[White "Heiling, Thomas"]
[Black "Goll, Christof"]
[Result "0-1"]
[WhiteElo "2230"]
[BlackElo "2047"]
[PlyCount "42"]
[EventDate "2018.10.21"]
[EventType "team-tourn"]
[EventCountry "GER"]
[WhiteTeam "Marburg SK"]
[BlackTeam "Frankfurt SC Koenig Nied"]
[WhiteTeamCountry "GER"]
[BlackTeamCountry "GER"]

1. d4 d5 2. c4 e6 3. Nc3 Be7 4. Nf3 Nf6 5. Bf4 O-O 6. e3 b6 7. Qc2 Bb7 8. O-O-O
Na6 9. g4 Nb4 10. Qb1 dxc4 11. e4 Nxg4 12. Rd2 f5 13. Rg1 Nd3+ 14. Bxd3 cxd3
15. Rxd3 fxe4 16. Rxg4 exd3 17. Qxd3 Bxf3 18. Qxf3 Bd6 19. Ne4 Bxf4+ 20. Rxf4
Rxf4 21. Qxf4 Qxd4 0-1

[Event "Oberliga Ost B 2018 2019"]
[Site "?"]
[Date "2018.12.16"]
[Round "5.8"]
[White "Bittner, Peter"]
[Black "Bluebaum, Johanna"]
[Result "1/2-1/2"]
[WhiteElo "1847"]
[BlackElo "1996"]
[PlyCount "155"]
[EventDate "2018.10.21"]
[EventType "team-tourn"]
[EventCountry "GER"]
[WhiteTeam "Frankfurt SC Koenig Nied"]
[BlackTeam "Marburg SK"]
[WhiteTeamCountry "GER"]
[BlackTeamCountry "GER"]

1. e4 e6 2. d4 d5 3. Nd2 c5 4. c3 Nf6 5. e5 Nfd7 6. f4 Nc6 7. Ngf3 cxd4 8. cxd4
Be7 9. Be2 O-O 10. O-O f6 11. Nb3 a5 12. a4 fxe5 13. fxe5 Nb4 14. Be3 Nb6 15.
Nbd2 Bd7 16. b3 Be8 17. Ne1 Rxf1+ 18. Nxf1 Bg6 19. Nd3 Nxd3 20. Bxd3 Bxd3 21.
Qxd3 Qd7 22. Rc1 Rc8 23. Rxc8+ Nxc8 24. Qc2 Na7 25. Ng3 Nc6 26. Ne2 Nb4 27. Qc3
Qc6 28. Qxc6 bxc6 29. Kf1 Nc2 30. Bd2 Bd8 31. Bc3 Ne3+ 32. Kf2 Nd1+ 33. Ke1
Nxc3 34. Nxc3 Bb6 35. Ne2 c5 36. dxc5 Bxc5 37. Kd2 Kf7 38. Kd3 Ke7 39. g4 Kd7
40. h4 Bf2 41. h5 g5 42. hxg6 hxg6 43. Nf4 g5 44. Nh3 Bh4 45. Kd4 Kc6 46. Kd3
Kc5 47. Ng1 Bg3 48. Nf3 Bf4 49. Nd4 Bxe5 50. Nxe6+ Kb4 51. Nxg5 Kxb3 52. Nf3
Bh8 53. g5 Kxa4 54. Kc2 Kb4 55. g6 a4 56. Kb1 a3 57. Ka2 d4 58. Ne1 Ka4 59. Nd3
Bg7 60. Nc5+ Kb4 61. Ne6 Kc3 62. Nf4 Kb4 63. Ne6 Kc4 64. Nf4 Kb4 65. Ne6 Ka4
66. Nc5+ Kb5 67. Nd3 Bf8 68. g7 Bxg7 69. Kxa3 Kc4 70. Nb2+ Kc3 71. Na4+ Kc2 72.
Nb2 Bf8+ 73. Ka2 Bb4 74. Nc4 Bc3 75. Na3+ Kd2 76. Kb3 Ke2 77. Nb5 Kd3 78. Nxd4
1/2-1/2

[Event "Oberliga Ost B 2018 2019"]
[Site "?"]
[Date "2018.12.16"]
[Round "5.1"]
[White "Mueller, Maximilian"]
[Black "Lubbe, Nikolas"]
[Result "0-1"]
[WhiteElo "2321"]
[BlackElo "2449"]
[PlyCount "96"]
[EventDate "2018.10.21"]
[EventType "team-tourn"]
[EventCountry "GER"]
[WhiteTeam "Gernsheim SK"]
[BlackTeam "Neuberg SF"]
[WhiteTeamCountry "GER"]
[BlackTeamCountry "GER"]

1. Nf3 Nf6 2. d4 e6 3. g3 d5 4. c4 dxc4 5. Qa4+ c6 6. Qxc4 b5 7. Qc2 Bb7 8. Bg2
Nbd7 9. O-O c5 10. dxc5 Bxc5 11. b4 Bxb4 12. Nd4 Bxg2 13. Kxg2 Qb6 14. Bb2 Bc5
15. e3 O-O 16. Qe2 a6 17. Nd2 Qb7+ 18. f3 Rfc8 19. N2b3 Bf8 20. e4 Nb6 21. g4
Nc4 22. Bc1 g6 23. Bg5 Bg7 24. Rad1 Nd7 25. Qf2 Nf8 26. h4 h6 27. Bc1 a5 28.
Ne2 b4 29. Nd2 a4 30. Nf4 b3 31. Nxc4 Rxc4 32. Ba3 Rc2 33. Rd2 Rxd2 34. Qxd2
Rc8 35. Rb1 Bc3 36. Qd6 Bg7 37. Qd1 Qc7 38. axb3 Qxf4 39. Bd6 e5 40. bxa4 Ne6
41. Rb8 Rxb8 42. Bxb8 Bf6 43. Qe1 Nd4 44. Qf2 Qc1 45. a5 Bxh4 46. Qxh4 Qb2+ 47.
Qf2 Qxb8 48. f4 Qa8 0-1

[Event "Oberliga Ost B 2018 2019"]
[Site "?"]
[Date "2018.12.16"]
[Round "5.2"]
[White "Lubbe, Melanie"]
[Black "Hebbering, Tom Elliot"]
[Result "1/2-1/2"]
[WhiteElo "2345"]
[BlackElo "2218"]
[PlyCount "114"]
[EventDate "2018.10.21"]
[EventType "team-tourn"]
[EventCountry "GER"]
[WhiteTeam "Neuberg SF"]
[BlackTeam "Gernsheim SK"]
[WhiteTeamCountry "GER"]
[BlackTeamCountry "GER"]

1. e4 e5 2. Nf3 Nc6 3. Bc4 Nf6 4. d3 Be7 5. O-O O-O 6. Re1 d6 7. a4 Na5 8. Ba2
c5 9. Nbd2 Be6 10. Nf1 Nc6 11. c3 Bxa2 12. Rxa2 h6 13. Ne3 Re8 14. h3 Bf8 15.
Nh2 d5 16. Qf3 dxe4 17. dxe4 Qd3 18. Nd5 Qxf3 19. Nxf3 Nxd5 20. exd5 e4 21.
dxc6 exf3 22. Rxe8 Rxe8 23. Be3 bxc6 24. gxf3 Rb8 25. Kf1 a6 26. Ke2 c4 27. Kd2
Bd6 28. Kc2 f5 29. Ra1 f4 30. Ba7 Re8 31. Rd1 Re2+ 32. Kb1 Be5 33. Bb6 Bf6 34.
Rd6 c5 35. Bxc5 Be7 36. Rc6 Bxc5 37. Rxc5 Rxf2 38. Rxc4 Rxf3 39. b4 Rxh3 40. b5
axb5 41. axb5 f3 42. Rf4 Rh5 43. c4 Rc5 44. Kb2 g5 45. Rxf3 Rxc4 46. Rc3 Rb4+
47. Rb3 Re4 48. b6 Re8 49. Kc3 Kf7 50. Kd4 Kg6 51. b7 Rb8 52. Ke4 Kh5 53. Kf3
Kh4 54. Kg2 Kg4 55. Rb4+ Kf5 56. Kg3 Ke5 57. Kg4 Kd6 1/2-1/2

[Event "Oberliga Ost B 2018 2019"]
[Site "?"]
[Date "2018.12.16"]
[Round "5.3"]
[White "Neumann, Martin"]
[Black "Wahedi, Ahmad Siar"]
[Result "0-1"]
[WhiteElo "2095"]
[BlackElo "2290"]
[PlyCount "50"]
[EventDate "2018.10.21"]
[EventType "team-tourn"]
[EventCountry "GER"]
[WhiteTeam "Gernsheim SK"]
[BlackTeam "Neuberg SF"]
[WhiteTeamCountry "GER"]
[BlackTeamCountry "GER"]

1. d4 e6 2. g3 d5 3. Bg2 Nf6 4. Nf3 c5 5. c3 Nc6 6. O-O Be7 7. Nbd2 O-O 8. e3
b5 9. b3 Ba6 10. Re1 Rc8 11. Bb2 b4 12. e4 Qb6 13. Ne5 bxc3 14. Nxc6 Rxc6 15.
Bxc3 cxd4 16. Bb2 Bb4 17. e5 Nd7 18. Nf3 Bxe1 19. Qxe1 d3 20. Bd4 Qc7 21. Qe3
Rc8 22. Nd2 Rc1+ 23. Rxc1 Qxc1+ 24. Bf1 Rc2 25. Nf3 d2 0-1

[Event "Oberliga Ost B 2018 2019"]
[Site "?"]
[Date "2018.12.16"]
[Round "5.4"]
[White "Lutz, Klaus Juergen"]
[Black "Di Capua, Francesco Stefano"]
[Result "0-1"]
[WhiteElo "2217"]
[BlackElo "1915"]
[PlyCount "92"]
[EventDate "2018.10.21"]
[EventType "team-tourn"]
[EventCountry "GER"]
[WhiteTeam "Neuberg SF"]
[BlackTeam "Gernsheim SK"]
[WhiteTeamCountry "GER"]
[BlackTeamCountry "GER"]

1. e4 e5 2. Nf3 Nc6 3. Bb5 a6 4. Ba4 Nf6 5. O-O Be7 6. Re1 b5 7. Bb3 O-O 8. h3
d6 9. c3 Nb8 10. d4 Nbd7 11. Nbd2 Bb7 12. Bc2 Re8 13. Nf1 Bf8 14. Ng3 g6 15.
Bg5 Bg7 16. Qd2 Qe7 17. Rad1 Qf8 18. Qd3 h6 19. Bc1 Rad8 20. a4 b4 21. d5 Nc5
22. Qc4 bxc3 23. b4 Ncd7 24. Qxc7 Rb8 25. Qxc3 Rec8 26. Qd3 h5 27. a5 Bh6 28.
Ba4 Rc7 29. Bb2 Qc8 30. Qa3 Ba8 31. Rd3 Qb7 32. Bc6 Qa7 33. Bc1 Bf4 34. Bxd7
Rxc1 35. Rxc1 Bxg3 36. Kh1 Qxf2 37. Ng5 Bf4 38. Rf3 Qh4 39. g3 Qxg5 40. gxf4
exf4 41. Qd3 Nxd7 42. Qxa6 Ne5 43. Rg1 Qh4 44. Qxd6 Nxf3 45. Rxg6+ Kh7 46. Rh6+
Kg7 0-1

[Event "Oberliga Ost B 2018 2019"]
[Site "?"]
[Date "2018.12.16"]
[Round "5.5"]
[White "Nies, Peter"]
[Black "Seifert, Christopher"]
[Result "0-1"]
[WhiteElo "2069"]
[BlackElo "2325"]
[PlyCount "86"]
[EventDate "2018.10.21"]
[EventType "team-tourn"]
[EventCountry "GER"]
[WhiteTeam "Gernsheim SK"]
[BlackTeam "Neuberg SF"]
[WhiteTeamCountry "GER"]
[BlackTeamCountry "GER"]

1. e4 g6 2. Nc3 Bg7 3. f4 c5 4. Nf3 Nc6 5. Bb5 Nd4 6. Bd3 d6 7. Nxd4 cxd4 8.
Ne2 Qb6 9. O-O Nf6 10. Kh1 Nd7 11. Bc4 O-O 12. d3 Qc5 13. Bb3 Qh5 14. Qe1 Nc5
15. f5 Nxb3 16. axb3 Be5 17. Bf4 Bd7 18. Rf3 Bxf4 19. Nxf4 Qg5 20. Nd5 e6 21.
Nf4 exf5 22. exf5 Bc6 23. Nh3 Qh5 24. Nf4 Qg4 25. Rf2 Qxf5 26. Qd2 a6 27. Raf1
Rae8 28. Kg1 Re3 29. Ne2 Qe5 30. Ng3 f5 31. Rf4 Qc5 32. R1f2 Rfe8 33. Nf1 Re1
34. Rh4 R8e3 35. Rhf4 Qe5 36. Qb4 R3e2 37. Qc4+ Kf8 38. g3 Rxf1+ 39. Rxf1 Rg2+
40. Kh1 Rxc2+ 41. Kg1 Qe3+ 42. R4f2 Rxc4 43. bxc4 Qxd3 0-1

[Event "Oberliga Ost B 2018 2019"]
[Site "?"]
[Date "2018.12.16"]
[Round "5.6"]
[White "Koller, Jens"]
[Black "Rosenberger, Frank"]
[Result "1/2-1/2"]
[WhiteElo "2178"]
[BlackElo "2015"]
[PlyCount "110"]
[EventDate "2018.10.21"]
[EventType "team-tourn"]
[EventCountry "GER"]
[WhiteTeam "Neuberg SF"]
[BlackTeam "Gernsheim SK"]
[WhiteTeamCountry "GER"]
[BlackTeamCountry "GER"]

1. e4 e6 2. d4 d5 3. Nc3 dxe4 4. Nxe4 Bd7 5. Nf3 Bc6 6. Bd3 Nd7 7. O-O Ngf6 8.
Ng3 Be7 9. c3 O-O 10. Re1 Bxf3 11. Qxf3 c6 12. Bc2 Re8 13. b3 a5 14. a3 Qc7 15.
Bf4 Bd6 16. Bxd6 Qxd6 17. Ne4 Qe7 18. c4 Nxe4 19. Rxe4 Nf6 20. Re5 Qd6 21. Rd1
Qxa3 22. c5 Red8 23. h4 Rd5 24. Rxd5 cxd5 25. Qd3 Qb4 26. g4 g6 27. Qf3 Ne8 28.
h5 Qb5 29. hxg6 hxg6 30. Qe3 Qd7 31. f3 Qe7 32. Qh6 Qf6 33. Kg2 Nc7 34. Qd2 Nb5
35. Qd3 Na3 36. Rd2 Nxc2 37. Qxc2 Kg7 38. Qd3 Rh8 39. Qe3 Kg8 40. Qe5 Qxe5 41.
dxe5 Kg7 42. Ra2 Ra8 43. Kf2 Ra6 44. Ke3 Kf8 45. Ra4 Ke7 46. g5 b5 47. cxb6
Rxb6 48. Rxa5 Rxb3+ 49. Ke2 Rb7 50. Ra6 Kd7 51. Rd6+ Kc7 52. Ra6 Rb2+ 53. Ke3
Rb3+ 54. Ke2 Rb6 55. Ra7+ Rb7 1/2-1/2

[Event "Oberliga Ost B 2018 2019"]
[Site "?"]
[Date "2018.12.16"]
[Round "5.7"]
[White "Mazurek, Robert"]
[Black "Sergin, Mark"]
[Result "1-0"]
[WhiteElo "2175"]
[BlackElo "2186"]
[PlyCount "107"]
[EventDate "2018.10.21"]
[EventType "team-tourn"]
[EventCountry "GER"]
[WhiteTeam "Gernsheim SK"]
[BlackTeam "Neuberg SF"]
[WhiteTeamCountry "GER"]
[BlackTeamCountry "GER"]

1. d4 Nf6 2. c4 c5 3. d5 e6 4. Nc3 exd5 5. cxd5 d6 6. e4 g6 7. f4 Bg7 8. Nf3
O-O 9. Be2 Re8 10. e5 dxe5 11. fxe5 Ng4 12. e6 fxe6 13. d6 a6 14. Bg5 Bf6 15.
Ne4 Bxg5 16. Nfxg5 Ne3 17. Qb3 Nxg2+ 18. Kd1 Nf4 19. Rf1 Rf8 20. Bg4 Nc6 21.
Qe3 Ng2 22. Rxf8+ Qxf8 23. Qh3 Qf1+ 24. Kd2 Qf4+ 25. Ke2 Nd4+ 26. Kd3 Qxg5 27.
Nxg5 Nf4+ 28. Kc4 Nxh3 29. Bxh3 Bd7 30. Ne4 Bc6 31. Nxc5 e5 32. Re1 Nf3 33.
Be6+ Kg7 34. Rd1 Kf6 35. Bd5 b5+ 36. Kc3 Bxd5 37. Rxd5 Nd4 38. d7 Rd8 39. Nb7
Ke6 40. Nxd8+ Kxd5 41. Nf7 Ne6 42. d8=Q+ Nxd8 43. Nxd8 Ke4 44. Ne6 Kf5 45. Nc5
Kg4 46. Nxa6 Kh3 47. Nc7 Kxh2 48. Nxb5 g5 49. Kd3 g4 50. Nc3 e4+ 51. Nxe4 h5
52. b4 h4 53. b5 g3 54. Nxg3 1-0

[Event "Oberliga Ost B 2018 2019"]
[Site "?"]
[Date "2018.12.16"]
[Round "5.8"]
[White "Heck, Norbert"]
[Black "Rolf, Marco"]
[Result "1/2-1/2"]
[WhiteElo "2215"]
[BlackElo "2045"]
[PlyCount "71"]
[EventDate "2018.10.21"]
[EventType "team-tourn"]
[EventCountry "GER"]
[WhiteTeam "Neuberg SF"]
[BlackTeam "Gernsheim SK"]
[WhiteTeamCountry "GER"]
[BlackTeamCountry "GER"]

1. Nf3 d5 2. d4 Nf6 3. c4 c6 4. Nbd2 g6 5. e3 Bg7 6. Bd3 O-O 7. O-O Nbd7 8. b3
e5 9. cxd5 Nxd5 10. Bb2 exd4 11. Bxd4 N7f6 12. Rc1 Bg4 13. h3 Be6 14. Nc4 b6
15. Ng5 Qe7 16. Nxe6 Qxe6 17. Qf3 c5 18. Bb2 Rad8 19. Rfd1 Nb4 20. Bb1 Rfe8 21.
a3 Nc6 22. Rxd8 Rxd8 23. Rd1 Rxd1+ 24. Qxd1 Qd5 25. Qc2 Nd7 26. Bxg7 Kxg7 27.
Qc3+ Kg8 28. Bc2 Nde5 29. f4 Nxc4 30. bxc4 Qe6 31. Kf2 h5 32. Kf3 Na5 33. Bd3
Kf8 34. g4 hxg4+ 35. hxg4 Ke7 36. Be2 1/2-1/2

[Event "Oberliga Ost B 2018 2019"]
[Site "?"]
[Date "2018.12.16"]
[Round "5.1"]
[White "Grabarczyk, Bogdan"]
[Black "Konopka, Michal"]
[Result "1-0"]
[WhiteElo "2373"]
[BlackElo "2364"]
[PlyCount "93"]
[EventDate "2018.10.21"]
[EventType "team-tourn"]
[EventCountry "GER"]
[WhiteTeam "Griesheim SV II"]
[BlackTeam "Schoeneck SF"]
[WhiteTeamCountry "GER"]
[BlackTeamCountry "GER"]

1. e4 e5 2. Nc3 Nf6 3. g3 d5 4. exd5 Nxd5 5. Bg2 Nxc3 6. bxc3 Nc6 7. Qe2 Bd6 8.
Nf3 O-O 9. O-O Re8 10. d3 h6 11. Nd2 Bd7 12. Nc4 Bc5 13. Qh5 Qf6 14. Rb1 Rab8
15. Ne3 Bb6 16. Nc4 Qf5 17. Qh4 Be6 18. Nxb6 axb6 19. f4 Ra8 20. Rb5 Rxa2 21.
fxe5 Qh7 22. Be4 Qh8 23. Qh5 Ne7 24. d4 g6 25. Qe2 Ra1 26. Qf2 Qg7 27. Re1 Bc4
28. Rb4 Bd5 29. Bd3 Be6 30. c4 Bf5 31. Bf1 Ra2 32. Bb2 Nc6 33. Rb5 Rd8 34. d5
Rxb2 35. Rxb2 Nxe5 36. Rb3 Ra8 37. c5 Ra2 38. cxb6 cxb6 39. Qf4 f6 40. g4 Bxc2
41. Rxb6 Qc7 42. Rxf6 Be4 43. d6 Qb6+ 44. Qe3 Qd8 45. Qxe4 Qxf6 46. Bc4+ Kh7
47. Qxb7+ 1-0

[Event "Oberliga Ost B 2018 2019"]
[Site "?"]
[Date "2018.12.16"]
[Round "5.2"]
[White "Everett, Elijah"]
[Black "Braun, Vitali"]
[Result "0-1"]
[WhiteElo "2225"]
[BlackElo "2377"]
[PlyCount "60"]
[EventDate "2018.10.21"]
[EventType "team-tourn"]
[EventCountry "GER"]
[WhiteTeam "Schoeneck SF"]
[BlackTeam "Griesheim SV II"]
[WhiteTeamCountry "GER"]
[BlackTeamCountry "GER"]

1. e4 e6 2. d4 d5 3. Nc3 Nf6 4. e5 Nfd7 5. f4 c5 6. Nf3 Nc6 7. Be3 cxd4 8. Nxd4
Bc5 9. Qd2 O-O 10. O-O-O a6 11. Kb1 Nxd4 12. Bxd4 b5 13. g3 b4 14. Ne2 a5 15.
Qe3 Qc7 16. Bxc5 Qxc5 17. Nd4 Ba6 18. f5 Rfe8 19. fxe6 Rxe6 20. Bxa6 Rexa6 21.
Qf4 Re8 22. Rhe1 a4 23. Re2 a3 24. Rf1 Rf8 25. Nf5 Re6 26. Qg5 g6 27. Nh6+ Kg7
28. Ng4 Qd4 29. Kc1 Qxb2+ 30. Kd1 Qa1+ 0-1

[Event "Oberliga Ost B 2018 2019"]
[Site "?"]
[Date "2018.12.16"]
[Round "5.4"]
[White "Nazarenus, Moritz"]
[Black "De Visser, Leon"]
[Result "0-1"]
[WhiteElo "2270"]
[BlackElo "2223"]
[PlyCount "74"]
[EventDate "2018.10.21"]
[EventType "team-tourn"]
[EventCountry "GER"]
[WhiteTeam "Schoeneck SF"]
[BlackTeam "Griesheim SV II"]
[WhiteTeamCountry "GER"]
[BlackTeamCountry "GER"]

1. d4 Nf6 2. c4 c5 3. d5 b5 4. cxb5 a6 5. f3 axb5 6. e4 Qa5+ 7. Bd2 Qb6 8. Na3
c4 9. Nc2 e6 10. Be3 Bc5 11. Bxc5 Qxc5 12. Qd4 Na6 13. Ne2 exd5 14. e5 Ng8 15.
O-O-O Ne7 16. Kb1 Qxd4 17. Nexd4 Rb8 18. b4 O-O 19. a3 Nc7 20. g3 Rb6 21. Re1
Ne6 22. Kb2 Nc6 23. Kc3 Ncxd4 24. Nxd4 Bb7 25. Bh3 Nxd4 26. Kxd4 Ra6 27. Re3
Rfa8 28. Bxd7 Rxa3 29. Rhe1 Ra2 30. R1e2 Ra1 31. Re1 Rxe1 32. Rxe1 Ra2 33. Bxb5
Rd2+ 34. Kc5 c3 35. Bc6 Bxc6 36. Kxc6 d4 37. Rc1 d3 0-1

[Event "Oberliga Ost B 2018 2019"]
[Site "?"]
[Date "2018.12.16"]
[Round "5.5"]
[White "Flach, Erich"]
[Black "Meyer, Kai Christian"]
[Result "0-1"]
[WhiteElo "2096"]
[BlackElo "2188"]
[PlyCount "80"]
[EventDate "2018.10.21"]
[EventType "team-tourn"]
[EventCountry "GER"]
[WhiteTeam "Griesheim SV II"]
[BlackTeam "Schoeneck SF"]
[WhiteTeamCountry "GER"]
[BlackTeamCountry "GER"]

1. c4 Nf6 2. Nc3 c6 3. e4 e5 4. Nf3 d6 5. d4 Qc7 6. Be2 Be7 7. O-O Bg4 8. Be3
Nbd7 9. Qc2 Bxf3 10. Bxf3 h6 11. Rab1 Nf8 12. Be2 g5 13. Rfd1 Ne6 14. d5 Nf4
15. b4 O-O 16. Rbc1 Qd7 17. dxc6 bxc6 18. b5 Rfc8 19. c5 cxb5 20. Bxb5 Qg4 21.
f3 Qe6 22. c6 N6h5 23. Bc4 Qxc4 24. Nd5 Qxc2 25. Nxe7+ Kf8 26. Rxc2 Kxe7 27.
Rb1 Ne6 28. Rb7+ Rc7 29. Rcb2 Kd8 30. Rd2 Rxc6 31. Bxa7 Nhf4 32. g3 Ng6 33.
Rxf7 Ne7 34. Be3 Ra3 35. Kf2 Kd7 36. Rb2 Ke8 37. Rh7 Rcc3 38. Rb8+ Kd7 39. Rb7+
Nc7 40. Bd2 Rxa2 0-1

[Event "Oberliga Ost B 2018 2019"]
[Site "?"]
[Date "2018.12.16"]
[Round "5.6"]
[White "Del Rio, Roland"]
[Black "Schnitzspan, Lothar"]
[Result "1/2-1/2"]
[WhiteElo "2200"]
[BlackElo "2266"]
[PlyCount "69"]
[EventDate "2018.10.21"]
[EventType "team-tourn"]
[EventCountry "GER"]
[WhiteTeam "Schoeneck SF"]
[BlackTeam "Griesheim SV II"]
[WhiteTeamCountry "GER"]
[BlackTeamCountry "GER"]

1. e4 e5 2. Nf3 d6 3. d4 exd4 4. Nxd4 Nf6 5. Nc3 Be7 6. Be2 O-O 7. O-O c5 8.
Nb3 Nc6 9. f4 Re8 10. Kh1 Be6 11. Bf3 Qc7 12. Nd5 Bxd5 13. exd5 Nd4 14. Nxd4
cxd4 15. Qxd4 Qxc2 16. Be3 Qf5 17. h3 h5 18. Rfe1 Bd8 19. Qa4 Qd7 20. Qxd7 Nxd7
21. Bxh5 Bb6 22. Bxb6 Nxb6 23. Bf3 Kf8 24. Kg1 Rxe1+ 25. Rxe1 Rc8 26. Re3 Rc1+
27. Kf2 Nc4 28. Rc3 Nxb2 29. Rb3 Nc4 30. Rxb7 Rc2+ 31. Kg3 Rxa2 32. Rb8+ Ke7
33. Rb7+ Ke8 34. Rb8+ Ke7 35. Rb7+ 1/2-1/2

[Event "Oberliga Ost B 2018 2019"]
[Site "?"]
[Date "2018.12.16"]
[Round "5.7"]
[White "Hahn, Werner"]
[Black "Mueller, Achim"]
[Result "1-0"]
[WhiteElo "2171"]
[BlackElo "2133"]
[PlyCount "69"]
[EventDate "2018.10.21"]
[EventType "team-tourn"]
[EventCountry "GER"]
[WhiteTeam "Griesheim SV II"]
[BlackTeam "Schoeneck SF"]
[WhiteTeamCountry "GER"]
[BlackTeamCountry "GER"]

1. d4 Nf6 2. Nf3 g6 3. c4 Bg7 4. Nc3 O-O 5. e4 d6 6. Be2 e5 7. O-O exd4 8. Nxd4
Re8 9. f3 c6 10. Nc2 d5 11. cxd5 cxd5 12. exd5 Qb6+ 13. Kh1 Na6 14. Na3 Bd7 15.
Nc4 Qc5 16. Bf4 Nh5 17. Bd6 Qd4 18. Qxd4 Bxd4 19. Bd3 b5 20. Na5 Rac8 21. Nxb5
Bxb2 22. Rab1 Nc5 23. Bxc5 Rxc5 24. Rxb2 Rxd5 25. Bc4 Rc5 26. Nd6 Re7 27. Nb3
Rc6 28. Rd2 Nf6 29. g4 h5 30. g5 Nh7 31. h4 Bh3 32. Rfd1 Re3 33. Bxf7+ Kg7 34.
Bc4 Rxf3 35. Nd4 1-0

[Event "Oberliga Ost B 2018 2019"]
[Site "?"]
[Date "2018.12.16"]
[Round "5.8"]
[White "Kirchner, Markus"]
[Black "Hoeck, Raimund"]
[Result "1/2-1/2"]
[WhiteElo "1928"]
[BlackElo "2018"]
[PlyCount "50"]
[EventDate "2018.10.21"]
[EventType "team-tourn"]
[EventCountry "GER"]
[WhiteTeam "Schoeneck SF"]
[BlackTeam "Griesheim SV II"]
[WhiteTeamCountry "GER"]
[BlackTeamCountry "GER"]

1. e4 c5 2. Nf3 d6 3. d4 cxd4 4. Nxd4 Nf6 5. f3 Nc6 6. c4 g6 7. Nc3 Bg7 8. Be3
O-O 9. Be2 Bd7 10. O-O Nxd4 11. Bxd4 Bc6 12. b4 b6 13. Rc1 Ne8 14. Qd2 Bxd4+
15. Qxd4 Ng7 16. Rfd1 Re8 17. Rd2 Rc8 18. Rcd1 Qc7 19. f4 Rcd8 20. Nd5 Qb7 21.
Bf3 Ne6 22. Qe3 Nc7 23. Nc3 Qa8 24. Rd3 Bb7 25. R3d2 Bc6 1/2-1/2

[Event "Oberliga Ost B 2018 2019"]
[Site "?"]
[Date "2018.12.16"]
[Round "5.1"]
[White "Kuznecovs, Nikita"]
[Black "Strache, Michael"]
[Result "0-1"]
[WhiteElo "2256"]
[BlackElo "2262"]
[PlyCount "68"]
[EventDate "2018.10.21"]
[EventType "team-tourn"]
[EventCountry "GER"]
[WhiteTeam "Stadtilm SG BW"]
[BlackTeam "Sangerhausen SV"]
[WhiteTeamCountry "GER"]
[BlackTeamCountry "GER"]

1. d4 f5 2. Bg5 g6 3. Nc3 Bg7 4. e4 fxe4 5. Nxe4 d5 6. Ng3 Nh6 7. Nf3 Nf7 8.
Bf4 O-O 9. Be2 c5 10. Be3 Nc6 11. O-O cxd4 12. Nxd4 Qd6 13. c3 Nxd4 14. cxd4
Bd7 15. Qb3 h5 16. Bf3 Bc6 17. Rad1 Qd7 18. Qc2 Qd6 19. Qd2 Kh7 20. Rfe1 Nh6
21. Bg5 Rae8 22. Re2 Nf5 23. Nxf5 Rxf5 24. h4 e5 25. dxe5 Bxe5 26. Qd3 Ref8 27.
Rde1 d4 28. Be4 Bh2+ 29. Kh1 Rxf2 30. Rxf2 Rxf2 31. Bxg6+ Kg8 32. Be4 Bxe4 33.
Qxe4 Rf7 34. Qe8+ Kg7 0-1

[Event "Oberliga Ost B 2018 2019"]
[Site "?"]
[Date "2018.12.16"]
[Round "5.2"]
[White "Engelmann, Jakob"]
[Black "Siebarth, Raiko"]
[Result "0-1"]
[WhiteElo "2272"]
[BlackElo "2250"]
[PlyCount "114"]
[EventDate "2018.10.21"]
[EventType "team-tourn"]
[EventCountry "GER"]
[WhiteTeam "Sangerhausen SV"]
[BlackTeam "Stadtilm SG BW"]
[WhiteTeamCountry "GER"]
[BlackTeamCountry "GER"]

1. c4 c5 2. g3 Nc6 3. Bg2 g6 4. e3 Bg7 5. Ne2 e5 6. Nbc3 Nge7 7. O-O h5 8. Nd5
h4 9. d4 d6 10. dxc5 dxc5 11. Nec3 Be6 12. Nb5 O-O 13. Nbc7 Bxd5 14. Nxd5 Nf5
15. Qc2 Nd6 16. Bd2 Kh7 17. a3 Rc8 18. Rfd1 hxg3 19. hxg3 Qg5 20. b4 cxb4 21.
axb4 e4 22. Bxe4 Ne7 23. Nxe7 Qxe7 24. Bd5 Nxc4 25. Rxa7 Nxe3 26. Qxc8 Rxc8 27.
Bxe3 Rd8 28. Rxb7 Qxb7 29. Bxb7 Rxd1+ 30. Kg2 Rb1 31. Bd5 Kg8 32. Bc5 Bc3 33.
g4 Bxb4 34. Be3 Rb2 35. Kg3 Bd2 36. Ba7 Rb5 37. Be4 Rb3+ 38. f3 Be3 39. Bd5 Ra3
40. Bb8 g5 41. Be4 f6 42. Bd6 Rc3 43. Bb4 Bf4+ 44. Kf2 Rc8 45. Ke2 Rb8 46. Bc3
Be5 47. Ba5 Kf8 48. Kd3 Ke7 49. Kc4 Rc8+ 50. Kd5 Bd6 51. Be1 Rc5+ 52. Kd4 Rc1
53. Ba5 Ra1 54. Bd2 Rd1 55. Kc3 Bb4+ 56. Kxb4 Rxd2 57. Kc5 Ke6 0-1